| 000 | 00907cab a2200253 4500 | ||
|---|---|---|---|
| 001 | ABS56205 | ||
| 008 | 090401t1996 xxu||||| |||| 00| 0 eng d | ||
| 035 | _a(Sirsi) u21896 | ||
| 041 | _aeng | ||
| 100 | _aLuba, J. | ||
| 245 | _aHousing Grants, Construction and Regeneration Act 1996 | ||
| 260 | _c1996 | ||
| 350 | _a0 | ||
| 490 |
_aLegal Action _vNovember 1996, 25-26(2) |
||
| 520 | _aOffers guidance on the housing provisions of the Housing Grants, Construction and Regeneration Act 1996, including transitional provision for the old housing grants regime to the new one, group repair schemes, home repair assistance, unfit housing, and relocation grants. | ||
| 650 | _aGRANTS | ||
| 650 | _aHOUSING GRANTS CONSTRUCTION AND REGENERATION ACT 1996 | ||
| 650 | _aRELOCATION GRANTS | ||
| 650 | _aREPAIRS | ||
| 650 | _aUNFIT HOUSING | ||
| 690 | _aHOUSING | ||
| 942 | _n0 | ||
| 948 | _c04/03/1997 | ||
| 999 |
_c14672 _d14672 |
||